New York Islanders Roster 2021-22 season - Statistics

General Stats
  • This quiz has been taken 73 times
  • The average score is 17 of 23
Answer Stats
Hint Answer % Correct
3 Adam Pelech
100%
13 Mathew Barzal
93%
30 Ilya Sorokin
91%
44 Jean-Gabriel Pageau
89%
53 Casey Cizikas
87%
6 Ryan Pulock
87%
27 Anders Lee
85%
29 Brock Nelson
85%
15 Cal Clutterbuck
85%
17 Matt Martin
85%
8 Noah Dobson
85%
40 Semyon Varlamov
85%
21 Kyle Palmieri
78%
24 Scott Mayfield
78%
18 Anthony Beauvillier
76%
12 Josh Bailey
74%
26 Oliver Wahlstrom
63%
4 Andy Greene
57%
25 Sebastian Aho
57%
11 Zach Parise
50%
20 Kieffer Bellows
46%
32 Ross Johnston
44%
33 Zdeno Chara
39%
No matching quizzes found
Score Distribution
Percent of People with Each Score
Percentile by Number Answered
Your Score History
You have not taken this quiz